[Event "DVM U14 2017"]
[Site "Verden/Aller GER"]
[Date "2017.12.30"]
[Round "7"]
[White "Huber, Benedikt"]
[Black "Jahrke, Jonas"]
[Result "1-0"]
[Termination "normal"]
[Board "4.1"]
[WhiteElo "2015"]
[BlackElo "1747"]
[WhiteTeam "SK München Südost"]
[BlackTeam "SF Katernberg"]
[PlyCount "79"]
[WhiteFideId "12923583"]
[BlackFideId "12984353"]
[EventCountry "GER"]
[EventRounds "7"]
[EventType "team-swiss"]
[EventDate "2017.12.26"]

1. d4 Nf6 2. Bg5 g6 3. Bxf6 exf6 4. Nc3 Bg7 5. e4 O-O 6. h4 d6 7. h5 Re8 8.
hxg6 fxg6 9. Qf3 c6 10. a4 d5 11. O-O-O Be6 12. exd5 cxd5 13. Nge2 Qd7 14. Nf4
Bg4 15. Qxd5+ Qxd5 16. Nfxd5 Bxd1 17. Nc7 Nc6 18. Nxe8 Rxe8 19. Bc4+ Kh8 20.
Rxd1 f5 21. Nb5 Bh6+ 22. Kb1 a6 23. Nd6 Re7 24. Nf7+ Kg7 25. Nxh6 Kxh6 26. d5
Nd8 27. Bf1 Nf7 28. c4 b6 29. b4 Rc7 30. Kb2 Nd6 31. Kb3 Kg5 32. f3 Kf4 33. Re1
Kg3 34. Re6 Nc8 35. d6 Rd7 36. c5 a5 37. Bb5 Rd8 38. Re8 Rxe8 39. Bxe8 axb4 40.
d7 {Aufgabe Schwarz} 1-0

[Event "DVM U14 2017"]
[Site "Verden/Aller GER"]
[Date "2017.12.30"]
[Round "7"]
[White "Gallas, Noel"]
[Black "Lohvinov, Petro"]
[Result "0-1"]
[Termination "normal"]
[Board "4.2"]
[WhiteElo "1696"]
[BlackElo "1854"]
[WhiteTeam "SF Katernberg"]
[BlackTeam "SK München Südost"]
[PlyCount "120"]
[WhiteFideId "16216059"]
[BlackFideId "14176661"]
[EventCountry "GER"]
[EventRounds "7"]
[EventType "team-swiss"]
[EventDate "2017.12.26"]

1. e4 c5 2. c3 Nf6 3. e5 Nd5 4. d4 cxd4 5. cxd4 e6 6. Nf3 d6 7. Bc4 Nc6 8. O-O
Be7 9. Nc3 Nxc3 10. bxc3 dxe5 11. dxe5 O-O 12. Bf4 b6 13. Qa4 Bb7 14. Rfd1 Qc7
15. Bd3 Rfd8 16. Qe4 g6 17. Qe2 Rac8 18. Nd2 Na5 19. Bg3 Qxc3 20. Ne4 Bxe4 21.
Bxe4 Rxd1+ 22. Rxd1 Nc4 23. h3 Bc5 24. Kh2 Bd4 25. Rd3 Qa1 26. Rd1 Qb2 27. Qxb2
Bxb2 28. f4 Ne3 29. Re1 Bd4 30. Bf2 Ng4+ 31. hxg4 Bxf2 32. Re2 Bd4 33. g3 Kg7
34. Kg2 g5 35. Bf3 Rc1 36. Be4 b5 37. Bb7 a5 38. Be4 b4 39. Bc2 Be3 40. Kf3 Bd4
41. Ke4 Bb6 42. Kf3 Bd4 43. Ke4 Bc3 44. Kf3 Re1 45. Rh2 h6 46. Rh5 Bd2 47. Kf2
Ra1 48. Bb3 gxf4 49. gxf4 Bxf4 50. Kf3 Bd2 51. Rh2 Bc3 52. Re2 Kg6 53. Kf2 Kg5
54. Re4 a4 55. Bc4 Rb1 56. Kf3 Rb2 57. Re3 Bd4 58. Re4 Rf2+ 59. Kg3 Rf4 60. Re2
Rxg4+ {Aufgabe Weiß} 0-1

[Event "DVM U14 2017"]
[Site "Verden/Aller GER"]
[Date "2017.12.30"]
[Round "7"]
[White "Costa, Leonardo"]
[Black "Otterpohl, Isabel"]
[Result "0-1"]
[Termination "time forfeit"]
[Board "4.3"]
[WhiteElo "1851"]
[BlackElo "1593"]
[WhiteTeam "SK München Südost"]
[BlackTeam "SF Katernberg"]
[PlyCount "74"]
[WhiteFideId "16213955"]
[BlackFideId "12999180"]
[EventCountry "GER"]
[EventRounds "7"]
[EventType "team-swiss"]
[EventDate "2017.12.26"]

1. e4 e6 2. d4 d5 3. Nd2 dxe4 4. Nxe4 Bd7 5. Nf3 Bc6 6. Bd3 Nd7 7. O-O Ngf6 8.
Ng3 Be7 9. Re1 Bxf3 10. Qxf3 c6 11. c3 O-O 12. Bd2 Re8 13. Rad1 Qa5 14. a3 Rad8
15. c4 Qc7 16. Bc3 a6 17. a4 a5 18. Nh5 h6 19. Re3 g6 20. Nf4 Bf8 21. h4 Bg7
22. Qg3 Nf8 23. Bc2 Qb8 24. Bxa5 b6 25. Bc3 Kh7 26. h5 Kg8 27. hxg6 Rd7 28.
gxf7+ Rxf7 29. Bg6 Nxg6 30. Nxg6 Qxg3 31. fxg3 Ng4 32. Rf3 Rxf3 33. gxf3 Ne3
34. Re1 Nxc4 35. b3 Nd6 36. Ne5 Bxe5 37. dxe5 Nf5 0-1

[Event "DVM U14 2017"]
[Site "Verden/Aller GER"]
[Date "2017.12.30"]
[Round "7"]
[White "Zamhöfer, Luca"]
[Black "Klonov, Jakov"]
[Result "1/2-1/2"]
[Termination "normal"]
[Board "4.4"]
[WhiteElo "1367"]
[BlackElo "1262"]
[WhiteTeam "SF Katernberg"]
[BlackTeam "SK München Südost"]
[PlyCount "107"]
[WhiteFideId "16216040"]
[BlackFideId "16211928"]
[EventCountry "GER"]
[EventRounds "7"]
[EventType "team-swiss"]
[EventDate "2017.12.26"]

1. e4 c5 2. c3 Nf6 3. e5 Nd5 4. d4 cxd4 5. Nf3 Nc6 6. cxd4 d6 7. Bc4 e6 8. O-O
Be7 9. Re1 O-O 10. Bxd5 exd5 11. Nc3 dxe5 12. Nxe5 Nxe5 13. Rxe5 Be6 14. Re1
Bf6 15. Bf4 Qb6 16. Be5 Bxe5 17. Rxe5 Qxb2 18. Nxd5 Bxd5 19. Rxd5 Rac8 20. Rc5
Rfd8 21. Rxc8 Rxc8 22. Rb1 Qxa2 23. Rxb7 h6 24. Qb1 Qd2 25. Rb8 Rxb8 26. Qxb8+
Kh7 27. Qb1+ g6 28. Qa1 a5 29. h3 Kg8 30. Kf1 Kf8 31. g3 Ke7 32. Qa3+ Ke6 33.
Qb3+ Kf6 34. Qf3+ Kg7 35. Qe4 Qd1+ 36. Kg2 a4 37. Qe5+ Kh7 38. Qc5 Qb3 39. d5
a3 40. d6 Qb7+ 41. Kh2 a2 42. Qa3 Qb1 43. d7 a1=Q 44. Qxa1 Qxa1 45. d8=Q Qf1
46. Qf6 Qc4 47. h4 Qe6 48. Qxe6 fxe6 49. g4 Kg7 50. Kg3 Kf6 51. Kf4 e5+ 52. Ke4
Ke6 53. g5 hxg5 54. hxg5 1/2-1/2

[Event "DVM U14 2017"]
[Site "Verden/Aller GER"]
[Date "2017.12.30"]
[Round "7"]
[White "Triantafillidis, Simeon"]
[Black "Hörkner, Nico"]
[Result "0-1"]
[Termination "normal"]
[Board "5.1"]
[WhiteElo "1808"]
[BlackElo "1605"]
[WhiteTeam "SF HN-Biberach"]
[BlackTeam "SK König Plauen"]
[PlyCount "94"]
[WhiteFideId "12953113"]
[BlackFideId "12974900"]
[EventCountry "GER"]
[EventRounds "7"]
[EventType "team-swiss"]
[EventDate "2017.12.26"]

1. e4 c5 2. Nc3 e6 3. Nf3 Nc6 4. d4 cxd4 5. Nxd4 Nf6 6. Bc4 Bb4 7. O-O Qc7 8.
Ndb5 Qb8 9. a3 Be7 10. Kh1 a6 11. Nd4 b5 12. Be2 Bb7 13. f4 d6 14. Bf3 Qc7 15.
Be3 Na5 16. Rb1 Nc4 17. Qd3 Rc8 18. Nce2 Nxe3 19. Qxe3 O-O 20. Rbc1 Rfd8 21.
Rfd1 Nd7 22. f5 e5 23. Nb3 h6 24. g4 Bg5 25. Qf2 Bxc1 26. Rxc1 Qb6 27. Qg2 Nf6
28. Nc3 Rc4 29. Nd2 Rc7 30. h4 Nh7 31. g5 hxg5 32. hxg5 Qe3 33. Rg1 f6 34. Nf1
Qxg5 35. Qh3 Qc1 36. Ne2 Qxc2 37. Nfg3 Ng5 38. Qg4 Qb3 39. Bg2 Kf8 40. Nh5 Qf7
41. Bf3 Ke7 42. Nc3 Rh8 43. Be2 Rc4 44. Kh2 Bxe4 45. Bxc4 Qxh5+ 46. Qxh5 Rxh5+
47. Kg3 bxc4 {Aufgabe Weiß} 0-1

[Event "DVM U14 2017"]
[Site "Verden/Aller GER"]
[Date "2017.12.30"]
[Round "7"]
[White "Ertl, Liam"]
[Black "Geltz, Noah"]
[Result "0-1"]
[Termination "normal"]
[Board "5.2"]
[WhiteElo "1395"]
[BlackElo "1719"]
[WhiteTeam "SK König Plauen"]
[BlackTeam "SF HN-Biberach"]
[PlyCount "66"]
[WhiteFideId "12993263"]
[BlackFideId "16224256"]
[EventCountry "GER"]
[EventRounds "7"]
[EventType "team-swiss"]
[EventDate "2017.12.26"]

1. e4 c6 2. d4 d5 3. e5 Bf5 4. Nf3 e6 5. Be3 Qb6 6. b3 Na6 7. c3 Rc8 8. Bd3 Ne7
9. O-O Bxd3 10. Qxd3 Nf5 11. Bg5 h6 12. Be3 c5 13. Nbd2 Be7 14. Rab1 O-O 15.
Rfc1 Rc6 16. Nf1 Rfc8 17. Ng3 Nxe3 18. Qxe3 Qa5 19. Rc2 cxd4 20. Qxd4 Rxc3 21.
Rxc3 Rxc3 22. a4 Bc5 23. Qd2 Bb4 24. Rc1 Nc5 25. Rxc3 Bxc3 26. Qc2 Qb4 27. Ne2
Bxe5 28. h3 Bf6 29. Nc1 Qc3 30. Qxc3 Bxc3 31. Kf1 Bb2 32. Ne2 Nxb3 33. Ne1 Nc5
{Aufgabe Weiß} 0-1

[Event "DVM U14 2017"]
[Site "Verden/Aller GER"]
[Date "2017.12.30"]
[Round "7"]
[White "Späth, René"]
[Black "Elstner, Florian"]
[Result "1-0"]
[Termination "normal"]
[Board "5.3"]
[WhiteElo "1599"]
[BlackElo "1242"]
[WhiteTeam "SF HN-Biberach"]
[BlackTeam "SK König Plauen"]
[PlyCount "75"]
[WhiteFideId "16224272"]
[BlackFideId "16247264"]
[EventCountry "GER"]
[EventRounds "7"]
[EventType "team-swiss"]
[EventDate "2017.12.26"]

1. e4 c5 2. Nf3 Nc6 3. Bb5 d6 4. Bxc6+ bxc6 5. d3 Bg4 6. b3 Nf6 7. Bb2 e6 8.
Nbd2 Be7 9. Qe2 O-O 10. O-O-O e5 11. h3 Bxf3 12. Nxf3 a5 13. a4 Rb8 14. Nh4 g6
15. g4 Ne8 16. Ng2 Bf6 17. Qe3 Rb4 18. h4 d5 19. g5 d4 20. Qg3 Bg7 21. f4 exf4
22. Qxf4 Rb7 23. h5 gxh5 24. Qh4 Qd6 25. Qxh5 Qg6 26. Nf4 Qxh5 27. Rxh5 f6 28.
Ne6 Rff7 29. Nd8 fxg5 30. Nxb7 Rxb7 31. Rxg5 Kh8 32. Rxc5 Rc7 33. Rxa5 Nf6 34.
Ra8+ Ng8 35. Rg1 Rd7 36. e5 c5 37. Ba3 Rc7 38. e6 {Aufgabe Schwarz} 1-0

[Event "DVM U14 2017"]
[Site "Verden/Aller GER"]
[Date "2017.12.30"]
[Round "7"]
[White "Melitzki, Richard"]
[Black "Gerold, Robin"]
[Result "0-1"]
[Termination "normal"]
[Board "5.4"]
[WhiteElo "1230"]
[BlackElo "1319"]
[WhiteTeam "SK König Plauen"]
[BlackTeam "SF HN-Biberach"]
[PlyCount "110"]
[WhiteFideId "16223420"]
[BlackFideId "16235185"]
[EventCountry "GER"]
[EventRounds "7"]
[EventType "team-swiss"]
[EventDate "2017.12.26"]

1. e4 c6 2. d4 d5 3. e5 c5 4. c3 Nc6 5. Nf3 Bg4 6. Be2 e6 7. Na3 Bxf3 8. Bxf3
cxd4 9. cxd4 Nge7 10. b3 Nf5 11. Nc2 Qb6 12. Bb2 Bb4+ 13. Kf1 O-O 14. g4 Nh4
15. a3 Nxf3 16. Qxf3 Be7 17. b4 a5 18. Rb1 axb4 19. axb4 Bxb4 20. Nxb4 Qxb4 21.
Qc3 Rfc8 22. Kg2 Qxc3 23. Bxc3 Nxe5 24. dxe5 Rxc3 25. Rxb7 g6 26. Rb2 Rc4 27.
Re1 Rxg4+ 28. Kf3 Rc4 29. Rd2 Ra3+ 30. Kg2 Rg4+ 31. Kf1 h5 32. Rdd1 Rh3 33. Re3
Rxe3 34. fxe3 Re4 35. Kf2 Rxe5 36. Kf3 Re4 37. Rc1 Kg7 38. Rc2 Kf6 39. Rg2 g5
40. Rf2 Kg6 41. Ke2 d4 42. Kd3 Rxe3+ 43. Kxd4 Rh3 44. Ke4 g4 45. Ke5 Rf3 46.
Rg2 Kg5 47. Ke4 f5+ 48. Kd4 h4 49. Ke5 Re3+ 50. Kd4 Re4+ 51. Kd3 h3 52. Rg3 e5
53. Kd2 f4 54. Rg1 f3 55. Rf1 Re2+ {Aufgabe Weiß} 0-1

[Event "DVM U14 2017"]
[Site "Verden/Aller GER"]
[Date "2017.12.30"]
[Round "7"]
[White "Kracht, Raphael"]
[Black "Stirnberg, Noah"]
[Result "1/2-1/2"]
[Termination "normal"]
[Board "6.1"]
[WhiteElo "1846"]
[BlackElo "1836"]
[WhiteTeam "SF Brackel"]
[BlackTeam "SK Blauer Springer Paderborn"]
[PlyCount "41"]
[WhiteFideId "16214382"]
[BlackFideId "16207742"]
[EventCountry "GER"]
[EventRounds "7"]
[EventType "team-swiss"]
[EventDate "2017.12.26"]

1. d4 f5 2. g3 Nf6 3. Bg2 g6 4. c4 Bg7 5. Nc3 O-O 6. Nf3 d6 7. O-O c6 8. d5 e5
9. Bg5 h6 10. Bxf6 Qxf6 11. e3 c5 12. Nd2 Na6 13. a3 Bd7 14. Rb1 g5 15. b4 b6
16. bxc5 Nxc5 17. Nb5 Rfc8 18. Rb4 Nd3 19. Rb3 Nc5 20. Rb4 Nd3 21. Rb3 1/2-1/2

[Event "DVM U14 2017"]
[Site "Verden/Aller GER"]
[Date "2017.12.30"]
[Round "7"]
[White "Brockhoff, Moritz"]
[Black "Skabs, Denis"]
[Result "1/2-1/2"]
[Termination "normal"]
[Board "6.2"]
[WhiteElo "1765"]
[BlackElo "1717"]
[WhiteTeam "SK Blauer Springer Paderborn"]
[BlackTeam "SF Brackel"]
[PlyCount "82"]
[WhiteFideId "16214927"]
[BlackFideId "16248449"]
[EventCountry "GER"]
[EventRounds "7"]
[EventType "team-swiss"]
[EventDate "2017.12.26"]

1. e4 e5 2. f4 exf4 3. Nf3 Be7 4. h4 Nf6 5. Nc3 Nc6 6. Bc4 d6 7. d4 Bg4 8. d5
Ne5 9. Be2 Nh5 10. Nxe5 Bxe2 11. Qxe2 Ng3 12. Qb5+ Kf8 13. Nd7+ Kg8 14. Rh3
Bxh4 15. Kd1 Qg5 16. Ne2 Qg4 17. e5 f3 18. Qxb7 fxe2+ 19. Ke1 Ne4+ 20. g3 Bxg3+
21. Rxg3 Qxg3+ 22. Kxe2 Rd8 23. Qxc7 Qg4+ 24. Ke3 Qxd7 25. Qxd7 Rxd7 26. Kxe4
dxe5 27. Kxe5 h6 28. Be3 Kh7 29. c4 Re8+ 30. Kd4 Red8 31. Ke5 g5 32. Rd1 Kg6
33. c5 Re8+ 34. Kd4 Rxd5+ 35. Kxd5 Rd8+ 36. Kc6 Rxd1 37. Kb7 Rd7+ 38. Kc8 Re7
39. Bd4 f5 40. c6 f4 41. Kd8 Kf7 1/2-1/2

[Event "DVM U14 2017"]
[Site "Verden/Aller GER"]
[Date "2017.12.30"]
[Round "7"]
[White "Römer, Alois"]
[Black "Janke, Julian"]
[Result "0-1"]
[Termination "normal"]
[Board "6.3"]
[WhiteElo "1317"]
[BlackElo "1587"]
[WhiteTeam "SF Brackel"]
[BlackTeam "SK Blauer Springer Paderborn"]
[PlyCount "56"]
[WhiteFideId "16255607"]
[BlackFideId "16229185"]
[EventCountry "GER"]
[EventRounds "7"]
[EventType "team-swiss"]
[EventDate "2017.12.26"]

1. e4 d5 2. exd5 Qxd5 3. Nc3 Qd8 4. d4 Nf6 5. Nf3 e6 6. Bd3 Be7 7. O-O O-O 8.
Be3 b6 9. Re1 Bb7 10. Bf4 a6 11. Ne5 Nbd7 12. Qe2 Qc8 13. Bg5 Re8 14. Qe3 c5
15. dxc5 Nxc5 16. Bc4 b5 17. Bb3 Nxb3 18. cxb3 b4 19. Bxf6 Bxf6 20. Na4 Bxe5
21. Qxe5 Qc6 22. Qg3 Rac8 23. h3 h6 24. Red1 Red8 25. Kf1 a5 26. Rab1 Ba6+ 27.
Kg1 Qc2 28. Qf3 Be2 {Aufgabe Weiß} 0-1

[Event "DVM U14 2017"]
[Site "Verden/Aller GER"]
[Date "2017.12.30"]
[Round "7"]
[White "Matthiessen, Linus"]
[Black "Stych, Paul"]
[Result "1/2-1/2"]
[Termination "normal"]
[Board "6.4"]
[WhiteElo "1293"]
[BlackElo "1310"]
[WhiteTeam "SK Blauer Springer Paderborn"]
[BlackTeam "SF Brackel"]
[PlyCount "119"]
[WhiteFideId "16222555"]
[BlackFideId "16255615"]
[EventCountry "GER"]
[EventRounds "7"]
[EventType "team-swiss"]
[EventDate "2017.12.26"]

1. d4 d5 2. Bf4 Nf6 3. Nf3 c5 4. c3 Nc6 5. e3 e6 6. Nbd2 cxd4 7. cxd4 Nh5 8.
Bg3 Nxg3 9. hxg3 Bd6 10. Qc2 Nb4 11. Qb1 g6 12. a3 Nc6 13. Qc2 Qc7 14. Rh3 e5
15. Rh6 Bf5 16. e4 dxe4 17. Nxe4 Nxd4 18. Nf6+ Kf8 19. Qxc7 Bxc7 20. Nxd4 exd4
21. Rxh7 Rxh7 22. Nxh7+ Kg7 23. Ng5 Re8+ 24. Kd2 f6 25. Nf3 Bb6 26. Bd3 Bd7 27.
Nh4 g5 28. Nf3 g4 29. Nh4 Rh8 30. Rh1 Kg8 31. Bc4+ Kg7 32. Bd5 Rb8 33. f3 f5
34. Kd3 Bb5+ 35. Bc4 Bxc4+ 36. Kxc4 gxf3 37. gxf3 Kf6 38. f4 Rc8+ 39. Kd3 Re8
40. Rg1 Re3+ 41. Kd2 Rb3 42. Kc2 d3+ 43. Kxb3 Bxg1 44. Kc3 Bf2 45. Kxd3 Bxg3
46. Ng2 Kg6 47. Kd4 Kh5 48. Ke5 Kg4 49. Ne3+ Kf3 50. Nxf5 Bxf4+ 51. Kd5 Bc1 52.
b4 Bxa3 53. b5 Ke2 54. Nd4+ Kd2 55. Nc6 Kc3 56. Nxa7 Kb4 57. Kd6 Ka5+ 58. Kc7
Bc5 59. Nc6+ Kxb5 60. Kxb7 1/2-1/2

[Event "DVM U14 2017"]
[Site "Verden/Aller GER"]
[Date "2017.12.30"]
[Round "7"]
[White "Kostanyan, Hakob"]
[Black "Abele, Anais"]
[Result "0-1"]
[Termination "normal"]
[Board "7.1"]
[WhiteElo "1877"]
[BlackElo "1666"]
[WhiteTeam "SC Weisse Dame"]
[BlackTeam "SC Aurich"]
[PlyCount "82"]
[WhiteFideId "12977683"]
[BlackFideId "16208927"]
[EventCountry "GER"]
[EventRounds "7"]
[EventType "team-swiss"]
[EventDate "2017.12.26"]

1. e4 c5 2. Ne2 d6 3. g3 g6 4. Bg2 Bg7 5. Nbc3 Nf6 6. d3 Nc6 7. O-O O-O 8. h3
a6 9. Be3 Qc7 10. a4 Bd7 11. f4 Rfe8 12. Kh2 h5 13. d4 cxd4 14. Nxd4 Nxd4 15.
Bxd4 Bc6 16. Qe2 Nd7 17. Qf2 e6 18. f5 Ne5 19. Ne2 g5 20. f6 Bh6 21. Bxe5 dxe5
22. Qf3 g4 23. hxg4 hxg4 24. Qxg4+ Kh7 25. a5 Rg8 26. Qh5 Rg5 27. Qf3 Bb5 28.
c4 Qxc4 29. Rf2 Qd3 30. Nc3 Qxf3 31. Bxf3 Bc6 32. g4 Rg6 33. Be2 Bf4+ 34. Kg2
Rxf6 35. Bd3 Bg5 36. Rxf6 Bxf6 37. Nd5 Kg7 38. Nb4 Rc8 39. Kf3 Be7 40. Nc2 Bb5
41. Ke2 Rxc2+ {Aufgabe Weiß} 0-1

[Event "DVM U14 2017"]
[Site "Verden/Aller GER"]
[Date "2017.12.30"]
[Round "7"]
[White "Rajendram, Reanosh"]
[Black "Tham, Minh"]
[Result "0-1"]
[Termination "normal"]
[Board "7.2"]
[WhiteElo "1638"]
[BlackElo "1837"]
[WhiteTeam "SC Aurich"]
[BlackTeam "SC Weisse Dame"]
[PlyCount "52"]
[WhiteFideId "12965162"]
[BlackFideId "12997323"]
[EventCountry "GER"]
[EventRounds "7"]
[EventType "team-swiss"]
[EventDate "2017.12.26"]

1. e4 e5 2. Nf3 Nc6 3. Bc4 Bc5 4. c3 Nf6 5. d3 d6 6. Bb3 a6 7. h3 h6 8. Nbd2
Ba7 9. Nf1 Ne7 10. g4 Ng6 11. Ng3 Nh7 12. Nf5 Qf6 13. h4 Bxf5 14. g5 Qe7 15.
exf5 Nf4 16. Kf1 O-O-O 17. Be3 Kb8 18. Bxa7+ Kxa7 19. Rg1 hxg5 20. hxg5 Qd7 21.
g6 fxg6 22. fxg6 Nf8 23. Ng5 N8xg6 24. Nf7 Rdf8 25. Nxh8 Qh3+ 26. Ke1 Nxd3+ {
Aufgabe Weiß} 0-1

[Event "DVM U14 2017"]
[Site "Verden/Aller GER"]
[Date "2017.12.30"]
[Round "7"]
[White "Tham, Nam"]
[Black "Dirks, Simon"]
[Result "1-0"]
[Termination "normal"]
[Board "7.3"]
[WhiteElo "1796"]
[BlackElo "1281"]
[WhiteTeam "SC Weisse Dame"]
[BlackTeam "SC Aurich"]
[PlyCount "65"]
[WhiteFideId "12997331"]
[BlackFideId "16255666"]
[EventCountry "GER"]
[EventRounds "7"]
[EventType "team-swiss"]
[EventDate "2017.12.26"]

1. e4 c5 2. Nf3 d6 3. d4 cxd4 4. Nxd4 Nf6 5. Nc3 a6 6. f3 e5 7. Nb3 h5 8. Be3
Be7 9. Qd2 Be6 10. O-O-O Nbd7 11. Be2 b5 12. h3 h4 13. f4 b4 14. Nd5 Nxe4 15.
Qd3 Bxd5 16. Qxd5 Ng3 17. Bc4 O-O 18. Rhe1 Nf6 19. Qf3 e4 20. Qf2 Qc7 21. Bd5
Nxd5 22. Rxd5 Rab8 23. Kb1 f5 24. Qd2 Rf6 25. Rd1 Kf7 26. Bf2 Rg6 27. Bxg3 Rxg3
28. Rxf5+ Ke8 29. Rh5 e3 30. Qd5 Rc8 31. Nd4 Qc5 32. Qg8+ Kd7 33. Qe6+ {
Aufgabe Schwarz} 1-0

[Event "DVM U14 2017"]
[Site "Verden/Aller GER"]
[Date "2017.12.30"]
[Round "7"]
[White "Meyer, Beenke"]
[Black "Movsisyan, Andranik"]
[Result "0-1"]
[Termination "normal"]
[Board "7.4"]
[WhiteElo "1271"]
[BlackElo "1700"]
[WhiteTeam "SC Aurich"]
[BlackTeam "SC Weisse Dame"]
[PlyCount "50"]
[WhiteFideId "16255682"]
[BlackFideId "16240391"]
[EventCountry "GER"]
[EventRounds "7"]
[EventType "team-swiss"]
[EventDate "2017.12.26"]

1. e4 d5 2. Nc3 d4 3. Nce2 e5 4. Ng3 Nc6 5. Nf3 a6 6. Bc4 Bc5 7. O-O Qe7 8. d3
h6 9. a3 Bd7 10. Bd2 Nf6 11. h3 O-O-O 12. b4 Bb6 13. Bb3 g5 14. Bxg5 hxg5 15.
Nxg5 Rdf8 16. Qd2 Nh7 17. Nxh7 Rxh7 18. f4 Qh4 19. Rf3 Rg8 20. Qf2 exf4 21. Ne2
Bxh3 22. Nxf4 Bxg2 23. Qxh4 Bxf3+ 24. Kf2 Rxh4 25. Kxf3 Ne5+ {Aufgabe Weiß} 0-1

[Event "DVM U14 2017"]
[Site "Verden/Aller GER"]
[Date "2017.12.30"]
[Round "7"]
[White "Brückner, Alexander"]
[Black "Waffenschmidt, Lars"]
[Result "0-1"]
[Termination "normal"]
[Board "8.1"]
[WhiteElo "1874"]
[BlackElo "1715"]
[WhiteTeam "SF Augsburg"]
[BlackTeam "SK Bebenhausen"]
[PlyCount "92"]
[WhiteFideId "12952613"]
[BlackFideId "16244656"]
[EventCountry "GER"]
[EventRounds "7"]
[EventType "team-swiss"]
[EventDate "2017.12.26"]

1. e4 e5 2. Nf3 Nc6 3. d4 exd4 4. Bc4 Nf6 5. e5 d5 6. Bb5 Ne4 7. Nxd4 Bd7 8.
Bxc6 bxc6 9. O-O Bc5 10. Be3 O-O 11. f3 Ng5 12. Nd2 Bb6 13. f4 c5 14. N4f3
Nxf3+ 15. Qxf3 d4 16. Bf2 Bb5 17. Rfd1 Qd7 18. b3 Bc6 19. Qg3 Rae8 20. Nc4 f5
21. exf6 Rxf6 22. Ne5 Rxe5 23. fxe5 Rg6 24. Qh4 Qd5 25. Qh3 Rxg2+ 26. Kf1 Bb5+
27. Rd3 Rg6 28. a4 Bxd3+ 29. cxd3 Ba5 30. Qc8+ Kf7 31. Qf5+ Rf6 32. Qh5+ Kg8
33. Ra2 Rf8 34. Kg1 Qxb3 35. Re2 Qb1+ 36. Kg2 Qxd3 37. e6 Qg6+ 38. Qxg6 hxg6
39. e7 Re8 40. Bh4 d3 41. Re5 d2 42. Rd5 c4 43. Rd7 c3 44. Kf2 c6 45. Ke2 c2
46. Rxd2 c1=Q 0-1

[Event "DVM U14 2017"]
[Site "Verden/Aller GER"]
[Date "2017.12.30"]
[Round "7"]
[White "Marx, Benedikt"]
[Black "Gubariev, Jakob"]
[Result "1/2-1/2"]
[Termination "normal"]
[Board "8.2"]
[WhiteElo "1387"]
[BlackElo "1782"]
[WhiteTeam "SK Bebenhausen"]
[BlackTeam "SF Augsburg"]
[PlyCount "169"]
[WhiteFideId "16255690"]
[BlackFideId "16216938"]
[EventCountry "GER"]
[EventRounds "7"]
[EventType "team-swiss"]
[EventDate "2017.12.26"]

1. e4 c5 2. Nf3 Nc6 3. d4 cxd4 4. Nxd4 Qb6 5. Nb3 Nf6 6. Nc3 e6 7. Be3 Qc7 8.
Bd3 a6 9. f4 d6 10. Qf3 b5 11. O-O-O Bb7 12. Kb1 Nb4 13. Qe2 d5 14. e5 Nd7 15.
Rc1 Be7 16. Rhg1 Rc8 17. Qf2 Nc5 18. Nxc5 Bxc5 19. Bxc5 Qxc5 20. Qxc5 Rxc5 21.
g3 Rc7 22. Be2 d4 23. Nd1 Be4 24. Nf2 Bxc2+ 25. Ka1 O-O 26. a3 Nd5 27. Bd1 Rfc8
28. Bxc2 Rxc2 29. Nd3 Rxc1+ 30. Rxc1 Rxc1+ 31. Nxc1 Ne3 32. h3 f6 33. Nd3 Kf7
34. Kb1 a5 35. g4 Nc4 36. Kc1 Ke7 37. Kd1 Kd7 38. Ke2 Kc6 39. exf6 gxf6 40. Kf3
Kd5 41. h4 e5 42. Nf2 Nxb2 43. Ne4 Ke6 44. f5+ Ke7 45. g5 fxg5 46. hxg5 Nc4 47.
g6 hxg6 48. fxg6 Kf8 49. Kg4 Kg7 50. Kg5 d3 51. Nf6 d2 52. Nh5+ Kg8 53. Nf6+
Kf8 54. Kh6 d1=Q 55. g7+ Ke7 56. g8=Q Qh1+ 57. Nh5 Qc1+ 58. Kh7 Qc2+ 59. Kh6
Qd2+ 60. Kh7 Qd3+ 61. Kh6 Qe3+ 62. Kh7 Qe4+ 63. Kh8 Qf5 64. Qg7+ Kd6 65. Qh6+
Kc5 66. Nf6 b4 67. axb4+ axb4 68. Qf8+ Nd6 69. Qg7 Qc8+ 70. Kh7 Qb7 71. Nd7+
Kd4 72. Qxe5+ Kc4 73. Qxd6 Qh1+ 74. Kg7 Qg2+ 75. Kf7 Qd5+ 76. Qxd5+ Kxd5 77.
Nb6+ Kc6 78. Na4 Kb5 79. Nb2 b3 80. Kf6 Kb4 81. Ke5 Kc3 82. Na4+ Kc2 83. Kd4
Kb1 84. Kc3 Ka2 85. Nb2 1/2-1/2

[Event "DVM U14 2017"]
[Site "Verden/Aller GER"]
[Date "2017.12.30"]
[Round "7"]
[White "Vuckovic, Katarina"]
[Black "Öz, Mert"]
[Result "1-0"]
[Termination "normal"]
[Board "8.3"]
[WhiteElo "1288"]
[BlackElo "1379"]
[WhiteTeam "SF Augsburg"]
[BlackTeam "SK Bebenhausen"]
[PlyCount "127"]
[WhiteFideId "16232615"]
[BlackFideId "16255704"]
[EventCountry "GER"]
[EventRounds "7"]
[EventType "team-swiss"]
[EventDate "2017.12.26"]

1. e4 c5 2. Nc3 Nc6 3. d3 Nf6 4. g3 e6 5. Bg2 d6 6. f4 Be7 7. Nf3 O-O 8. O-O e5
9. Bd2 Bg4 10. Ne2 Qd7 11. c3 Rac8 12. Qc2 Bh3 13. Kh1 Bxg2+ 14. Kxg2 h6 15. h3
exf4 16. gxf4 Kh8 17. Rh1 Rg8 18. Rag1 d5 19. e5 Nh5 20. Kf1 f6 21. Ke1 fxe5
22. fxe5 Rcf8 23. Rf1 Qe6 24. d4 cxd4 25. cxd4 Nb4 26. Qb3 a5 27. a3 Nc6 28.
Nh2 Rxf1+ 29. Rxf1 Qd7 30. Rf7 Rf8 31. Rxf8+ Bxf8 32. Qf3 Qe8 33. Qxd5 Qg6 34.
Qf3 Kg8 35. Ng4 Qb1+ 36. Bc1 Nxd4 37. Qd5+ Kh8 38. Qxd4 Ng3 39. Qe3 Nxe2 40.
Kxe2 Qc2+ 41. Kf3 Qc6+ 42. Kg3 Qg6 43. Kh2 Qc2+ 44. Qd2 Qf5 45. Qf2 Qc8 46. Bd2
Qc4 47. Qxf8+ Kh7 48. Qf2 Qc7 49. Bc3 b5 50. Qd4 h5 51. Ne3 a4 52. Qd3+ g6 53.
Qxb5 Qa7 54. Qd3 Kh6 55. Qd4 Qf7 56. Ng2 Qc7 57. Qf4+ Kh7 58. Bd2 Kg8 59. Qg5
Kf8 60. Bb4+ Kg8 61. Qxg6+ Kh8 62. Qxh5+ Kg8 63. Qe8+ Kg7 64. Qe7+ {Aufgabe
Schwarz} 1-0

[Event "DVM U14 2017"]
[Site "Verden/Aller GER"]
[Date "2017.12.30"]
[Round "7"]
[White "Kocharin, Timur"]
[Black "Hamkar, Behzad"]
[Result "1-0"]
[Termination "normal"]
[Board "8.4"]
[WhiteElo "1265"]
[BlackElo "1145"]
[WhiteTeam "SK Bebenhausen"]
[BlackTeam "SF Augsburg"]
[PlyCount "141"]
[WhiteFideId "16240936"]
[BlackFideId "16255631"]
[EventCountry "GER"]
[EventRounds "7"]
[EventType "team-swiss"]
[EventDate "2017.12.26"]

1. e4 e6 2. d4 d5 3. e5 c5 4. c3 Qb6 5. Nf3 Bd7 6. Bd3 Bb5 7. O-O Nc6 8. a4
Bxd3 9. Qxd3 cxd4 10. cxd4 Nge7 11. Bd2 Nf5 12. a5 Qc7 13. Rc1 Be7 14. a6 Rb8
15. Qb5 Qb6 16. Qxb6 axb6 17. axb7 Kd7 18. Be3 Rxb7 19. Nc3 f6 20. Nb5 fxe5 21.
dxe5 Nxe3 22. fxe3 Bd8 23. Nfd4 Rc7 24. Nxc6 Rxc6 25. Rxc6 Kxc6 26. Nd4+ Kd7
27. Ra7+ Bc7 28. Nxe6 Kxe6 29. Rxc7 Kxe5 30. Rxg7 Kd6 31. Kf2 Kc5 32. Rg4 Ra8
33. Rh4 Ra2 34. Rxh7 Rxb2+ 35. Kf3 b5 36. g4 b4 37. g5 b3 38. g6 Rb1 39. Rb7
Kc4 40. h4 b2 41. h5 Rf1+ 42. Kg2 b1=Q 43. Rxb1 Rxb1 44. g7 Rb8 45. h6 Rg8 46.
Kf2 Kd3 47. h7 Rxg7 48. h8=Q Rf7+ 49. Ke1 Re7 50. Qd4+ Kc2 51. Kf2 Rh7 52. Qxd5
Rh2+ 53. Kg3 Rd2 54. Qxd2+ Kxd2 55. e4 Kd3 56. e5 Kd4 57. e6 Kd5 58. e7 Kd6 59.
e8=Q Kd5 60. Qe7 Kd4 61. Qe6 Kd3 62. Qe5 Kd2 63. Qe4 Kd1 64. Qg2 Kc1 65. Qe2
Kb1 66. Qd2 Ka1 67. Kf3 Kb1 68. Ke3 Ka1 69. Kd3 Kb1 70. Kc3 Ka1 71. Qb2# 1-0